|
|
|
|
| LEADER |
01031nam a22002771 4500 |
| 001 |
37805 |
| 003 |
BD-DhAAL |
| 005 |
20220223120937.0 |
| 008 |
220213t1968 enka bs 000 0 eng |
| 999 |
|
|
|c 43566
|d 43566
|
| 010 |
|
|
|a 68112743
|
| 015 |
|
|
|a B68-13175
|
| 020 |
|
|
|a 034007342X
|
| 040 |
|
|
|a DLC
|c DLC
|d DLC
|d BD-DhAAL
|
| 050 |
0 |
0 |
|a LB2846
|b .L38
|
| 082 |
0 |
0 |
|a 370.182
|
| 100 |
1 |
|
|a Lewis, D. G.
|q (David Gareth),
|d 1926-
|9 46025
|
| 245 |
1 |
0 |
|a Experimental design in education
|c by D. G. Lewis.
|
| 260 |
|
|
|a London,
|b University of London P.,
|c 1968.
|
| 300 |
|
|
|a 192 pages :
|b illustrations ;
|c 23 cm.
|
| 504 |
|
|
|a Includes bibliographies.
|
| 541 |
|
|
|a Complimentary copy from BIED
|e 37805
|
| 650 |
|
0 |
|a Educational statistics.
|9 46026
|
| 852 |
|
|
|a Ayesha Abed Library
|c BIED Collection
|
| 942 |
|
|
|2 ddc
|c BK
|
| 952 |
|
|
|0 0
|1 0
|2 ddc
|4 0
|6 370_182000000000000_LEW
|7 0
|9 69873
|a BRACUL
|b BRACUL
|c GEN
|d 2022-02-23
|e Complimentary copy from BIED
|l 0
|o 370.182 LEW
|p 3010037805
|r 2022-02-23
|t 1
|w 2022-02-23
|y BK
|x Transferred from BIED to General Stacks
|